000 00563nam a2200205Ia 4500
005 20250507130348.0
008 008 250505s9999 xx 000 0 eng d
020 _a9781403964748
037 _aAnnuals, Advances
040 _aEASL
_beng
_cEASL
041 _aeng
_2eng
084 _aNW42:g, P4
_qEASL
100 _aTsutsui William Au.
_9665301
245 0 _aGodzilla on my mind
260 _aUK
_bEngland Palgrave
_c2004
300 _axiii,240p.
365 _aY
_b1,698
942 _cTEXL
_hNW42:g, P4
999 _c1319242
_d1319242